• 首页
  • 本馆介绍
  • 公告通知
  • 最新文献
  • 馆藏检索
  • 电子资源
  • 读者导购
  • 参考咨询
  • 我的图书馆
  • 登录
  • 详细信息显示
  • 放入我的书架
  • 预约/预借图书
  • 作者相关作品
  • 分类相关作品
  • 丛书相关作品
  • 出版社相关作品

书目信息

  • 表格格式
  • 工作单格式
  • 卡片格式
题名:
温州探秘
    
 
作者: 陈俊贤 , 周星增 主编
分册:   各界述评卷
出版信息: 北京   人民日报出版社  2002
页数: 541页
开本: 20cm
丛书名:
单 册:
中图分类: I253.3
科图分类:
主题词: 通讯--经济--中国 , 特写(文学)--经济--中国
电子资源:
ISBN: 7-80153-555-3
000 00689nam0 2200229 45
001 0304150800
005 20041122110538.9
010    @a7-80153-555-3@dCNY35.00
100    @a20030415d2002 km y0chiy0120 ea
101 0  @achi
105    @aa z 000zy
200 1  @a温州探秘@AWen Zhou Tan Mi@i各界述评卷@f陈俊贤,周星增主编@FChen Jun Xian,Zhou Xing Zeng Zhu Bian
210    @a北京@c人民日报出版社@d2002
215    @a541页@c照片@d20cm
517    @a各界述评卷@AGe Jie Shu Ping Juan
606 0  @a通讯@x经济@y中国
606 0  @a特写(文学)@x经济@y中国
690    @aI253.3@v4
701  0 @a陈俊贤@4主编
701  0 @a周星增@4主编
801    @aCN@bTSTC@c20030415
905    @dI253.3@e448@f1@b322673
    
    温州探秘.各界述评卷/陈俊贤,周星增主编.-北京:人民日报出版社,2002
    541页:照片;20cm
    
    
    ISBN 7-80153-555-3:CNY35.00
    
●
相关链接 在E读中查询图书 在五车中查询图书 在当当中查询图书 在豆瓣中查询图书


正题名:温州探秘     索取号:I253.3/448         预约/预借

序号 登录号 条形码 馆藏地/架位号 状态 备注
1 0322673   203226730   第二借阅区/ [索取号:I253.3/448] 在馆    
2 0322674   203226749   第二借阅区/ [索取号:I253.3/448] 在馆    
3 0322675   203226758   第二借阅区/ [索取号:I253.3/448] 在馆    
4 0322676   203226767   第二借阅区/ [索取号:I253.3/448] 在馆    
5 0322677   203226776   第一样本阅览室/ [索取号:I253.3/448] 在馆    
唐山师范学院图书馆 欢迎您!
大连网信软件有限公司© 版权所有